| 000 | 00566nam a2200229Ia 4500 | ||
|---|---|---|---|
| 008 | 170203s9999 xx 000 0 und d | ||
| 020 | _a431057842 | ||
| 050 | _a786.9 | ||
| 050 | _b.C894d 2007 | ||
| 100 | _aCrask, Tom. | ||
| 245 | _ashould I learn to play the drums? / | ||
| 245 | _cTom Crask. | ||
| 260 | _aOxford : | ||
| 260 | _bHarcourt Educational Ltd. | ||
| 260 | _c2007 | ||
| 300 | _a32 pages : | ||
| 300 | _bcol. ill. ; | ||
| 300 | _c25 cm. | ||
| 440 | _aLearning musical instruments. | ||
| 650 | _aDrum. | ||
| 650 | _xJuvenile literature. | ||
| 999 |
_c305500 _d305500 |
||